00438nam a2200109Ia 4500008004100000100002900041245012400070260003900194300001200233650001500245856006800260160712s9999 xx 000 0 und d aTan, Tiffany Adelaine G. cTiffany Adelaine G. TanaEffects of Justice Theory on Service Recovery Satisfaction on Metro Manila Dine-in Experiences c2014bPhilippine Management Review avol. 21 xMANAGEMENT uhttp://journals.upd.edu.ph/index.php/pmr/issue/view/420/showToc